000
00192 a2200097 4500
001
126829
040
_c
Escola Canadense de Niteroi
090
_a
MP
245
1
0
_a
Mão de madeira
942
_c
MATP
999
_c
126829
_d
126829